أجمل أقوال العظماء والحكماء لتحويل حياتك من الفشل إلى النجاح / (رقم التسجيلة. 25366)
[ عرض عادي ]
| 000 -الفاتح | |
|---|---|
| حقل البيانات ثابتة الطول | 00698nam a22001937a 4500 |
| 003 - محدد رقم الضبط | |
| رقم الضبط | OSt |
| 005 - وقت وتاريخ اخر تعامل مع التسجيلة | |
| رقم الضبط | 20150408114055.0 |
| 008 - عناصر البيانات ثابتة الطول - معلومات عامة | |
| حقل البيانات ثابتة الطول | 120730s2011 ua g b 00| 0 ara d |
| 040 ## - مصدر الفهرسة | |
| وكالة الفهرسة الأصلية | MU |
| 082 ## - رقم تصنيف ديوى العشرى | |
| رقم الطبعة | 21 |
| رقم التصنيف | 158.1 |
| رقم المادة | خ ش أ |
| 100 ## - المدخل الرئيسى - إسم شخصى | |
| الإسم الشخصى | شحادة، خليل. |
| 9 (RLIN) | 16812 |
| 245 ## - بيان العنوان | |
| العنوان | أجمل أقوال العظماء والحكماء لتحويل حياتك من الفشل إلى النجاح / |
| بيان المسئوليه,etc | شحاتة خليل. |
| 250 ## - بيان الطبعة | |
| بيان الطبعة | ط. 1. |
| 260 ## - PUBLICATION, DISTRIBUTION, ETC. (IMPRINT) | |
| مكان الناشر او الموزع | الجيزة، مصر : |
| اسم الناشر او الموزع | الدار العالمية، |
| تاريخ النشر أو التوزيع | 2011 |
| 300 ## - الوصف المادى | |
| التعداد | 130 ص. ؛ |
| أبعاد الوعاء | 24 سم. |
| 504 ## - تبصرة ببليوجرافية | |
| تبصرة ببليوجرافية,الخ | ببليوجرافية : ص. 127-128. |
| 650 ## - المدخل الاضافى بالموضوع-مصطلح موضوعى | |
| مصطلح موضوعي أو اسم جغرافي كعنصر مدخل | النجاح الشخصي |
| التقسيم الفرعي العام | جوانب نفسية. |
| 9 (RLIN) | 16813 |
| 942 ## - عناصر المدخل الإضافي( كوها) | |
| مصدر التصنيف او مخطط الترفيف | Dewey Decimal Classification |
| Koha [default] item type | DVD |
| حالة الفقد | نموذج السعر الفعال | حالة تلف | ليس للاعارة | رقم الطلب | رقم النسخة | تاريخ الاكتساب | الموقع الحالي | الباركود | الفرع الرئيسي | Date last seen | نوع المادة فى نظام كوها | مصدر التصنيف او خطة الترفيف | Total Checkouts | Date last checked out |
|---|---|---|---|---|---|---|---|---|---|---|---|---|---|---|
| 2013-03-10 | 158.1 خ ش أ | ن.1 | 2012-07-30 | المكتبة المركزية بالمجمعة (CL) | 00108789 | المكتبة المركزية بالمجمعة (CL) | 2013-03-10 | كتاب | Dewey Decimal Classification | |||||
| 2013-03-10 | 158.1 خ ش أ | ن.2 | 2012-07-30 | المكتبة المركزية بالمجمعة (CL) | 00108790 | المكتبة المركزية بالمجمعة (CL) | 2013-03-10 | كتاب | Dewey Decimal Classification | |||||
| 2013-03-10 | 158.1 خ ش أ | ن.3 | 2012-07-30 | المكتبة المركزية بالمجمعة (CL) | 00108791 | المكتبة المركزية بالمجمعة (CL) | 2013-03-10 | كتاب | Dewey Decimal Classification | |||||
| 2013-03-10 | 158.1 خ ش أ | ن.2 | 2012-07-30 | قسم الاجراءات الفنية (IC) | 00108788 | قسم الاجراءات الفنية (IC) | 2013-03-10 | كتاب | Dewey Decimal Classification | |||||
| 2018-05-16 | 158.1 خ ش أ | 2018-05-16 | قسم الاجراءات الفنية (IC) | 00108890 | قسم الاجراءات الفنية (IC) | 2018-05-16 | كتاب | Dewey Decimal Classification | ||||||
| 2013-03-10 | 158.1 خ ش أ | ن.1 | 2012-07-30 | مكتبة كلية التمريض - طالبات (CNF) | 00108792 | مكتبة كلية التمريض - طالبات (CNF) | 2019-09-25 | كتاب | Dewey Decimal Classification | 2 | 2019-09-25 | |||
| 2013-03-10 | 158.1 خ ش أ | ن.2 | 2012-07-30 | مكتبة كلية التمريض - طالبات (CNF) | 00108889 | مكتبة كلية التمريض - طالبات (CNF) | 2013-11-13 | كتاب | Dewey Decimal Classification | 1 | 2013-10-24 |
